Datum a čas kvízu

33 Celkem bodů Celkový počet nahraných bodů na tomto kvízu bez doplňovacích otázek.
3. Pořadí na kvízu Konečné umístění týmu na tomto kvízu.

Zaznamenané odpovědi

# Otázka Odpověď Body Výsledky
1. Minulý týden jsme sledovali po... v Turecku 1
2. K čemu vybídl syn Joea Bidena... C 1
3. V sobotu se na pražském Výstav... Mňága a Žďorp 1
4. Kterému živočichovi, jenž pomá... A 1
5. Ze soboty na neděli se v Miami... Carlos Ulberg 0
6. Vaším prvním úkolem v dnešním... 1C 2D 3B 4A 1
7. Poznejte (parodii na) gangster... Někdo to rád horké (Some Like It Hot) 0
8. Italští herci Carlo Pedersoli... Bud Spencer a Terence Hill 1
9. Gangster, na kterého se ptáme,... Jabba Hutt 1
10. Uveďte jméno i příjmení postav... John Wick 1